000
00290nam a22001097a 4500
008
230619b xxu||||| |||| 00| 0 eng d
082
_a
307.
_b
BRO 1925
245
_a
The Vanishing Tribes of Kenya
260
_a
London
_b
Seeley, Service & Co. Limited
_c
1925
300
_a
273p
942
_2
ddc
_c
BK
999
_c
1435
_d
1435